| 000 | 00953nam a22003257a 4500 | ||
|---|---|---|---|
| 001 | 0072351 | ||
| 003 | KOHA_MİRAKIL | ||
| 005 | 20260207005051.0 | ||
| 007 | ta | ||
| 008 | 241203b2007 tu |||gr||||#0|||1|tur | | ||
| 020 | _a9754711313 | ||
| 040 |
_aTR-BiSEU _btur _cTR-BiSEU _erda |
||
| 041 | 0 | _atur | |
| 044 | _ctu | ||
| 050 |
_aPL121 _b.T45 2007 |
||
| 245 | 1 |
_aTemel Türkçe dilbilgisi/ _cHazırlayanlar Deniz Meriç, Ferhan Meriç. |
|
| 264 | 1 |
_aİstanbul : _bFono Yayınları _c2007 |
|
| 300 | _a227 sayfa; 24 cm. | ||
| 336 |
_ametin _btxt _2rdacontent |
||
| 337 |
_aaracısız _bn _2rdamedia |
||
| 338 |
_acilt _bnc _2rdacarrier |
||
| 490 | 1 |
_aFono yayınları ; _v196. |
|
| 490 | 1 | _aGramer kitapları dizisi | |
| 650 | 0 |
_aTürk dili--Gramer. _913266 |
|
| 650 | 0 |
_aTurkish language--Grammer. _959978 |
|
| 830 | 1 |
_aFono yayınları ; _v196. _91580 |
|
| 830 | 1 |
_aGramer kitapları dizisi _93480 |
|
| 907 | _aDil bilimi | ||
| 942 |
_2lcc _cBK |
||
| 999 |
_c73105 _d73105 |
||